Penhora on-line civil e trabalhista

Detalles Bibliográficos
Autor principal: Gomes de Souza, Agnaldo
Formato: Libro
Lenguaje:portugués
Publicado: Brasil Pillares 2014
Materias:
Acceso en línea:Acceso restringido

MARC

LEADER 00000nam a22000007a 4500
005 20160520110156.0
007 cr|||| ||u|
008 160520s2014 bl ||||| |||| 00||0 por d
020 |a 978-85-8183-015-5 
035 |a 14231 
040 |a vLex  
090 |c 6114  |d 6114 
100 1 |a Gomes de Souza, Agnaldo 
245 1 0 |a Penhora on-line civil e trabalhista  |h [Recurso electrn̤ico] /  |c Agnaldo Gomes de Souza  
256 |a Servicio en ln̕ea 
260 |a Brasil   |b Pillares  |c 2014 
300 |a 1 recurso electrn̤ico  
506 1 |a Contenido solo disponible en los productos indicados   |d vLex Global  |d vLex Global (Academic Edition, excluding Law Schools)  |d vLex Global (U.S. Academic Edition, Law Schools)  |d vLex Global (U.S. Academic Edition, excluding Law Schools)  |d vLex Global (Academic Edition, Law Schools) 
650 0 4 |a Derecho civil  |z Brasil  
740 0 |a vLex libros (servicio en ln̕ea)  
856 4 0 |u http://vlex.com/source/penhora-on-line-civil-e-trabalhista-14231  |z Acceso restringido  
942 |c BOOK 
999 0 |a Civil Law  |b Brasil